Midrash Rabbah (Record no. 25486)

MARC details
000 -LEADER
campo de control de longitud fija 00622ntaaa2200193 4500
003 - IDENTIFICADOR DE NÚMERO DE CONTROL
campo de control 01
005 - FECHA Y HORA DE LA ÚLTIMA TRANSACCIÓN
campo de control 20251027203014.0
008 - DATOS DE LONGITUD FIJA--INFORMACIÓN GENERAL
campo de control de longitud fija 0714s1973 ag 01
040 ## - FUENTE DE CATALOGACIÓN
Centro catalogador/agencia de origen AR-BaBN
Lengua de catalogación spa
Centro/agencia transcriptor AR-BaBN
Normas de descripción aacr
Centro/agencia modificador RIC
082 ## - NÚMERO DE LA CLASIFICACIÓN DECIMAL DEWEY
Número de clasificación 296.1000 F87
245 ## - MENCIÓN DEL TÍTULO
Título Midrash Rabbah
250 ## - MENCION DE EDICION
Mención de edición 1 ed.
260 ## - PUBLICACIÓN, DISTRIBUCIÓN, ETC.
Lugar de publicación, distribución, etc. London :
Nombre del editor, distribuidor, etc. Soncino Press,
Fecha de publicación, distribución, etc. c1951
300 ## - DESCRIPCIÓN FÍSICA
Extensión 10 tomos
500 ## - NOTA GENERAL
Nota general T.1 y 2 Génesis: T.3 Exodo: T.4 Levítico: T.5 y 6 Números: T.7 Deuteronomio y Lamentaciones: T.8 Ruth y Eclesiastés: T.9 Esther y Cantar de los Cantaresd: T.10 indice
700 ## - ENTRADA AGREGADA--NOMBRE PERSONAL
Nombre de persona Freedman, H
9 (RLIN) 31105
700 ## - ENTRADA AGREGADA--NOMBRE PERSONAL
Nombre de persona Simon, Maurice
9 (RLIN) 31106
942 ## - ELEMENTOS DE ENTRADA SECUNDARIOS (KOHA)
Tipo de ítem Koha Colección General
Holdings
Estatus retirado Estado de pérdida Estado de daño No para préstamo Biblioteca de origen Biblioteca actual Fecha de adquisición Número de inventario Total de préstamos Signatura topográfica completa Código de barras Visto por última vez Precio de reemplazo Tipo de ítem Koha
        Biblioteca Pluis Biblioteca Pluis 27/10/2025 08947   296.1000 F87 08947 27/10/2025 27/10/2025 REFERENCIA
        Biblioteca Pluis Biblioteca Pluis 27/10/2025 08948     08948 27/10/2025 27/10/2025 Colección General
        Biblioteca Pluis Biblioteca Pluis 27/10/2025 08949     08949 27/10/2025 27/10/2025 Colección General
        Biblioteca Pluis Biblioteca Pluis 27/10/2025 08950     08950 27/10/2025 27/10/2025 Colección General
        Biblioteca Pluis Biblioteca Pluis 27/10/2025 08951     08951 27/10/2025 27/10/2025 Colección General
        Biblioteca Pluis Biblioteca Pluis 27/10/2025 08952     08952 27/10/2025 27/10/2025 Colección General
        Biblioteca Pluis Biblioteca Pluis 27/10/2025 08953     08953 27/10/2025 27/10/2025 Colección General
        Biblioteca Pluis Biblioteca Pluis 27/10/2025 08954     08954 27/10/2025 27/10/2025 Colección General
        Biblioteca Pluis Biblioteca Pluis 27/10/2025 08955     08955 27/10/2025 27/10/2025 Colección General
        Biblioteca Pluis Biblioteca Pluis 27/10/2025 08956     08956 27/10/2025 27/10/2025 Colección General